|
|
|
|
| LEADER |
00000nas a2200000 a 4500 |
| 001 |
ssj0000392762 |
| 003 |
WaSeSS |
| 005 |
20200512172242.0 |
| 006 |
m d |
| 007 |
cr n |
| 008 |
090929d20092011ii fr p s 0 a0eng c |
| 010 |
|
|
|a 2011254157
|
| 016 |
7 |
|
|a 990998290
|2 DE-101
|
| 016 |
7 |
|
|a 2461113-X
|2 DE-600
|
| 016 |
7 |
|
|a 101536715
|2 DNLM
|
| 016 |
7 |
|
|a 2461113X
|2 de-600
|
| 016 |
7 |
|
|a 990998290
|2 de-101
|
| 022 |
|
|
|a 0974-7818
|l 0974-7818
|
| 024 |
8 |
|
|a eb53508956
|
| 035 |
|
|
|a (WaSeSS)ssj0000392762
|
| 040 |
|
|
|a FQM
|b eng
|c FQM
|d OCLCQ
|d CUS
|d AU@
|d S4S
|d DEBBG
|d GWDNB
|d CUS
|d GBVCP
|d OCLCO
|d OCLCQ
|d OCLCF
|d OCLCO
|d NLM
|d CUI
|d CUS
|d OCLCQ
|d OCLCO
|d OCLCQ
|d LIP
|d OCLCO
|d OCLCA
|d VT2
|d WaSeSS
|
| 042 |
|
|
|a pcc
|
| 050 |
|
4 |
|a RG104.7
|
| 060 |
1 |
0 |
|a W1
|
| 060 |
|
4 |
|a W1
|
| 210 |
1 |
0 |
|a J Gynecol Endosc Surg
|2 dnlm
|
| 210 |
1 |
|
|a J gynecol endosc surg
|b (Online)
|
| 222 |
|
0 |
|a Journal of gynecological endoscopy and surgery
|b (Online)
|
| 245 |
0 |
0 |
|a Journal of gynecological endoscopy and surgery
|h [electronic resource].
|
| 246 |
3 |
0 |
|a JGES
|
| 260 |
|
|
|a Mumbai, India :
|b Medknow Publications
|
| 310 |
|
|
|a Semiannual
|
| 362 |
1 |
|
|a Began with vol. 1, issue 1 (Jan./June 2009); ceased with vol. 2, issue 2 (July/Dec. 2011).
|
| 506 |
|
|
|a License restrictions may limit access.
|
| 550 |
|
|
|a Under the auspices of Indian Association of Gynaecological Endoscopists (IAGE).
|
| 588 |
|
|
|a Description based on: Vol. 1, issue 1 (Jan./June 2009); title from journal home page (Publisher's Web site, viewed Sept. 25, 2009).
|
| 588 |
|
|
|a Latest issue consulted: Vol. 2, issue 2 (July/Dec. 2011) (viewed Feb. 10, 2015).
|
| 650 |
|
0 |
|a Generative organs, Female
|x Endoscopic surgery
|v Periodicals.
|
| 650 |
|
0 |
|a Gynecology
|x Diagnosis
|v Periodicals.
|
| 650 |
|
0 |
|a Endoscopy
|v Periodicals.
|
| 650 |
1 |
2 |
|a Endoscopy.
|
| 650 |
1 |
2 |
|a Genital Diseases, Female
|x surgery.
|
| 650 |
2 |
2 |
|a Gynecologic Surgical Procedures.
|
| 650 |
2 |
2 |
|a Gynecology.
|
| 650 |
|
7 |
|a Endoscopy.
|2 fast
|0 (OCoLC)fst00909819
|
| 650 |
|
7 |
|a Generative organs, Female
|x Endoscopic surgery.
|2 fast
|0 (OCoLC)fst00939936
|
| 650 |
|
7 |
|a Gynecology
|x Diagnosis.
|2 fast
|0 (OCoLC)fst00949688
|
| 655 |
|
0 |
|a Electronic journals.
|
| 710 |
2 |
|
|a Indian Association of Gynaecological Endoscopists.
|
| 776 |
0 |
8 |
|i Print version:
|t Journal of gynecological endoscopy and surgery
|x 0974-1216
|
| 856 |
4 |
0 |
|z Full text available from Research Library: 01/01/2009 to 07/31/2011
|u https://search.proquest.com/publication/226493
|